Porovnanie morfológie dvoch kmeňových kultúr vláknitej zelenej riasy Klebsormidium v podmienkach skrížených gradientov svetla a teploty

Bibliographic Details
Main Authors: Kňazková, Daniela (Author), Elster, Josef (Author), Kováčik, Ľubomír, 1951- (Author)
Format: Article
Language:Slovak
ISBN:9788089238163

MARC

LEADER 00000naa a2200000uu 4500
001 vtls011060337
003 SK-MaSNL
005 20260302111726.0
008 210909|2008 xo |||||||||||||||||slo|
015 |a SNBRA 
035 |a (urnnbn)urn:nbn:sk:snk:ar-a0c244 
035 |a (uuid)3374a4e8-870c-4785-95f2-9dff99db7ada 
035 |a urn:nbn:sk:snk-aav8nh 
040 |a SNKBUCL  |b slo  |c SNKBUCL  |e AACR2 
041 0 |a slo 
044 |a xo  |c SK 
100 1 |a Kňazková, Daniela  |4 aut  |9 789642 
245 1 0 |a Porovnanie morfológie dvoch kmeňových kultúr vláknitej zelenej riasy Klebsormidium v podmienkach skrížených gradientov svetla a teploty  |c Daniela Kňazková, Josef Elster, Ľubomír Kováčik 
700 1 |a Elster, Josef  |4 aut  |9 789643 
700 1 |a Kováčik, Ľubomír,  |d 1951-  |4 aut  |9 204880 
773 0 |t Študentská vedecká konferencia  |d Bratislava : Iris, 2008  |g S. 156-158  |z 9788089238163 
958 |a OND 
958 |a article12 
958 |a chapter 
999 |c 1248731  |d 1250661